000
00266nam a22001337a 4500
020
_a
9788131727386
082
_a
001.64
100
_a
HEARN BAKER
245
_a
COMPUTER GRAPHICS
250
_a
3RD ED.
260
_a
INDIA
_b
PEARSON
_c
2009
300
_a
857
942
_c
BK
999
_c
23252
_d
23252